| 000 | 00369nam a2200121Ia 4500 | ||
|---|---|---|---|
| 008 | 231129s1996||||xx |||||||||||||| ||spa|| | ||
| 040 | _bspa | ||
| 082 | _a657 R333 (EN PROCESO DE DESCARTE) Ej. 1 | ||
| 245 | 0 | _aReglamento general de la contabilidad y plan unico de cuentas para comerciantes | |
| 260 | _c1996 | ||
| 264 | _aBogotá (Colombia) : Legis | ||
| 942 |
_2ddc _cBKS |
||
| 999 |
_c23881 _d23881 |
||